[Event "OLBA 2122 SGR Kuppenheim - Karlsruher S"]
[Site "?"]
[Date "2021.11.14"]
[Round "3.4"]
[White "Karcher, Patrick"]
[Black "Joeres, Stefan"]
[Result "1-0"]
[WhiteElo "2106"]
[BlackElo "2187"]
[PlyCount "73"]
[EventDate "2021.??.??"]

1. d4 d5 2. Bf4 Nf6 3. Nf3 c5 4. e3 Nc6 5. c3 Qb6 6. Qb3 c4 7. Qc2 Bf5 8. Qc1
Nh5 9. Nbd2 Nxf4 10. exf4 e6 11. g3 Be7 12. Bg2 O-O 13. O-O Qc7 14. Re1 b5 15.
Ne5 Nxe5 16. Rxe5 Rfd8 17. a3 a5 18. h4 Rab8 19. Bf3 Bd6 20. Re3 g6 21. Kg2 h5
22. Bd1 Rb6 23. Bc2 Bxc2 24. Qxc2 Rdb8 25. Nf3 Kg7 26. Ng5 Be7 27. Rae1 b4 28.
axb4 axb4 29. Qe2 Bxg5 30. fxg5 Ra8 31. Qf3 Ra2 32. Qf6+ Kg8 33. g4 e5 34. Qxe5
Qxe5 35. Rxe5 hxg4 36. Rxd5 Rxb2 37. Re8+ 1-0

[Event "OLBA 2122 SGR Kuppenheim - Karlsruher S"]
[Site "?"]
[Date "2021.11.14"]
[Round "3.5"]
[White "Pfrommer, Christoph"]
[Black "Metz, Hartmut"]
[Result "1/2-1/2"]
[WhiteElo "2282"]
[BlackElo "2206"]
[PlyCount "20"]
[EventDate "2021.??.??"]

1. e4 c6 2. d4 d5 3. Nc3 dxe4 4. Nxe4 Nd7 5. Nf3 Ngf6 6. Nxf6+ Nxf6 7. Be3 Bf5
8. Bd3 Bxd3 9. Qxd3 e6 10. O-O-O Qc7 1/2-1/2

[Event "OLBA 2122 SGR Kuppenheim - Karlsruher S"]
[Site "?"]
[Date "2021.11.14"]
[Round "3.6"]
[White "Klumpp, Jochen"]
[Black "Koll, Lukas"]
[Result "0-1"]
[WhiteElo "2078"]
[BlackElo "2049"]
[PlyCount "110"]
[EventDate "2021.??.??"]

1. Nf3 Nf6 2. g3 b6 3. Bg2 Bb7 4. d3 d5 5. Nbd2 e6 6. O-O c5 7. e4 dxe4 8. Ng5
Be7 9. Re1 h6 10. Ngxe4 Nc6 11. a4 Qd7 12. Nc4 Nxe4 13. Bxe4 Nd8 14. Qh5 Bxe4
15. Rxe4 Nc6 16. Bf4 g6 17. Qf3 Rd8 18. Be5 O-O 19. Bc3 f5 20. Ree1 Bf6 21. Qe3
Kf7 22. Qxh6 Rh8 23. Qf4 Rh3 24. Bxf6 Kxf6 25. Ne5 Qd5 26. Nxc6 Qxc6 27. f3 Qd5
28. Re2 Qd4+ 29. Qxd4+ cxd4 30. a5 b5 31. a6 Rh7 32. f4 Rc7 33. b3 Rdc8 34. Ra2
Rc5 35. Kf2 R8c6 36. Ke1 g5 37. Kd1 gxf4 38. gxf4 Rc8 39. Kc1 Rh8 40. Kb2 Rh4
41. Rf2 b4 42. Ra1 Rg4 43. Kc1 Rg1+ 44. Kb2 Rxa1 45. Kxa1 Ra5+ 46. Kb2 Rxa6 47.
Rg2 e5 48. fxe5+ Kxe5 49. Rf2 f4 50. Kc1 Kf5 51. Kd2 Re6 52. Kd1 Re3 53. Kd2 f3
54. Kd1 Kf4 55. Kd2 Re6 0-1

[Event "OLBA 2122 SGR Kuppenheim - Karlsruher S"]
[Site "?"]
[Date "2021.11.14"]
[Round "3.7"]
[White "Koll, Linus"]
[Black "Merklinger, Markus"]
[Result "1/2-1/2"]
[WhiteElo "1963"]
[BlackElo "2096"]
[PlyCount "77"]
[EventDate "2021.??.??"]

1. e4 g6 2. d4 Bg7 3. Nc3 c6 4. Bc4 b5 5. Bb3 b4 6. Nce2 d5 7. exd5 cxd5 8. c4
bxc3 9. bxc3 Nf6 10. Ba4+ Bd7 11. Nf3 O-O 12. O-O Qa5 13. Bxd7 Nbxd7 14. Qd3
Rac8 15. Bg5 e6 16. a4 Rc4 17. Nd2 Rc6 18. Rfb1 Rb8 19. Rxb8+ Nxb8 20. Rb1 Rb6
21. Rxb6 Qxb6 22. Qb5 Nfd7 23. c4 a6 24. Qxb6 Nxb6 25. cxd5 Nxd5 26. Nb3 Nc6
27. Nc5 a5 28. Nb3 Nb6 29. Bd2 Nxa4 30. Bxa5 Nxa5 31. Nxa5 Nb6 32. f4 Nd5 33.
Nc4 Kf8 34. Kf2 Ke7 35. Ne3 Nxe3 36. Kxe3 Kd6 37. Ke4 f5+ 38. Kd3 Bh6 39. g3
1/2-1/2

[Event "OLBA 2122 SGR Kuppenheim - Karlsruher S"]
[Site "?"]
[Date "2021.11.14"]
[Round "3.8"]
[White "Kick, Joachim"]
[Black "Fidlin, Simon"]
[Result "1/2-1/2"]
[WhiteElo "2113"]
[BlackElo "1931"]
[PlyCount "110"]
[EventDate "2021.??.??"]

1. Nf3 Nf6 2. c4 g6 3. g3 Bg7 4. Bg2 c6 5. d4 d5 6. cxd5 cxd5 7. O-O O-O 8. Nc3
Nc6 9. Ne5 Bf5 10. Bf4 Rc8 11. Qd2 Qa5 12. Nxc6 bxc6 13. Nxd5 Qd8 14. Nc3 Qd7
15. Rad1 Rfd8 16. e4 Bh3 17. Qe2 Qe6 18. Rfe1 Bxg2 19. Kxg2 h5 20. h4 Ng4 21.
f3 Nf6 22. Qa6 Qd7 23. Na4 e6 24. Nc5 Qe7 25. Nb7 Rd7 26. Na5 Qf8 27. Nxc6 Kh7
28. b4 Ng8 29. a3 Ne7 30. Nxe7 Rc2+ 31. Re2 Rxe2+ 32. Qxe2 Qxe7 33. Bg5 Qe8 34.
Qc4 Rd6 35. d5 exd5 36. exd5 Qa4 37. Rd3 Qe8 38. Qe4 Qa4 39. Kf2 Qc2+ 40. Qe2
Qc4 41. Qe4 Qa2+ 42. Qe2 Qa1 43. Qd1 Qa2+ 44. Qd2 Qb1 45. Bf4 Rd7 46. d6 Qh1
47. Qe3 Bf6 48. Qe8 Qh3 49. Ke2 Kg7 50. Be5 Qg2+ 51. Kd1 Qf1+ 52. Kd2 Qf2+ 53.
Kd1 Qf1+ 54. Kd2 Qf2+ 55. Kd1 Qf1+ 1/2-1/2

[Event "OLBA 2122 SC Brombach - SC Untergrombac"]
[Site "?"]
[Date "2021.11.14"]
[Round "3.1"]
[White "Rogic, Davor"]
[Black "Georgiadis, Ioannis"]
[Result "1/2-1/2"]
[WhiteElo "2457"]
[BlackElo "2477"]
[PlyCount "49"]
[EventDate "2021.??.??"]

1. e4 c6 2. d4 d5 3. Nd2 dxe4 4. Nxe4 Nf6 5. Nxf6+ exf6 6. Bc4 Bd6 7. Qe2+ Be7
8. Nf3 O-O 9. O-O Bd6 10. h3 Re8 11. Qd3 a5 12. a4 Na6 13. Bd2 Nb4 14. Qb3 Nd5
15. Rfe1 Be6 16. Re2 Qd7 17. Rae1 g5 18. Nh2 Kg7 19. Nf1 Bf4 20. Ne3 Nxe3 21.
Bxe3 Bxe3 22. Rxe3 Bxc4 23. Qxc4 Rxe3 24. Rxe3 Re8 25. Rxe8 1/2-1/2

[Event "OLBA 2122 SC Brombach - SC Untergrombac"]
[Site "?"]
[Date "2021.11.14"]
[Round "3.2"]
[White "Brunner, Nicolas"]
[Black "Boric, Muhamed"]
[Result "1-0"]
[WhiteElo "2407"]
[BlackElo "2357"]
[PlyCount "83"]
[EventDate "2021.??.??"]

1. d4 d5 2. c4 c6 3. Nf3 Nf6 4. Nc3 g6 5. cxd5 cxd5 6. Bf4 Bg7 7. e3 O-O 8. Bd3
Nc6 9. h3 a6 10. Rc1 Bd7 11. O-O Rc8 12. Ne5 Be6 13. Nxc6 Rxc6 14. Qb3 Qa8 15.
Na4 Rxc1 16. Rxc1 Rc8 17. Rxc8+ Qxc8 18. Nc5 Ne4 19. Nxe6 fxe6 20. Qc2 Qxc2 21.
Bxc2 Nd6 22. Bg3 Kf7 23. Kf1 e5 24. dxe5 Nc4 25. Bb3 Ke6 26. Bxc4 dxc4 27. f4
Kd5 28. Ke2 Ke4 29. Be1 g5 30. g3 h5 31. fxg5 Kf5 32. Kf3 Bxe5 33. Bc3 Bxc3 34.
bxc3 Kxg5 35. Ke4 b5 36. a3 e6 37. Ke5 a5 38. Kd4 e5+ 39. Kd5 a4 40. Kc5 Kf5
41. Kxb5 Ke4 42. g4 1-0

[Event "OLBA 2122 SC Brombach - SC Untergrombac"]
[Site "?"]
[Date "2021.11.14"]
[Round "3.3"]
[White "Podat, Vladimir"]
[Black "Haag, Gregor"]
[Result "0-1"]
[WhiteElo "2311"]
[BlackElo "2368"]
[PlyCount "41"]
[EventDate "2021.??.??"]

1. d4 Nf6 2. Nf3 g6 3. Bf4 Bg7 4. Nc3 d5 5. Nb5 Na6 6. e3 O-O 7. Be2 Nh5 8. Bg5
c5 9. O-O h6 10. Bh4 g5 11. Bg3 Bf5 12. c3 Nxg3 13. hxg3 Qd7 14. a4 Rfc8 15.
Ne5 Qe6 16. f4 Rd8 17. Bh5 Rf8 18. Bf3 Rad8 19. Bg4 f6 20. Bxf5 Qxf5 21. Qd3
0-1

[Event "OLBA 2122 SC Brombach - SC Untergrombac"]
[Site "?"]
[Date "2021.11.14"]
[Round "3.4"]
[White "Wirthensohn, Heinz"]
[Black "Fuchs, Heinz"]
[Result "1/2-1/2"]
[WhiteElo "2293"]
[BlackElo "2241"]
[PlyCount "69"]
[EventDate "2021.??.??"]

1. Nf3 d5 2. e3 Nf6 3. c4 e6 4. b3 Be7 5. Bb2 O-O 6. g3 c5 7. Bg2 b6 8. O-O Bb7
9. Nc3 Nbd7 10. Qe2 Qc7 11. Nh4 dxc4 12. bxc4 Bxg2 13. Nxg2 Qb7 14. f4 Rad8 15.
d3 Nb8 16. g4 Nc6 17. g5 Nd7 18. Rf3 Rfe8 19. Rh3 Nf8 20. Ne4 Nb4 21. Nf6+ Bxf6
22. gxf6 g6 23. Rd1 Qd7 24. Qg4 e5 25. Qh4 h5 26. Rg3 Kh7 27. fxe5 Qa4 28. Rf1
Nxd3 29. Rg5 Ne6 30. Rxh5+ gxh5 31. Qxh5+ Kg8 32. Qg4+ Kf8 33. Qh5 Kg8 34. Qg4+
Kf8 35. Qh5 1/2-1/2

[Event "OLBA 2122 SC Brombach - SC Untergrombac"]
[Site "?"]
[Date "2021.11.14"]
[Round "3.5"]
[White "Schneider, Bernd"]
[Black "Ruefenacht, Matthias"]
[Result "1/2-1/2"]
[WhiteElo "2264"]
[BlackElo "2287"]
[PlyCount "79"]
[EventDate "2021.??.??"]

1. d4 d5 2. Nf3 Nf6 3. c4 dxc4 4. Na3 c5 5. Nxc4 Nc6 6. e3 e6 7. a3 Be7 8. Be2
O-O 9. dxc5 Qxd1+ 10. Bxd1 Bxc5 11. b4 Be7 12. b5 Nb8 13. Nfe5 Nbd7 14. Bf3
Nxe5 15. Nxe5 a6 16. b6 a5 17. Bd2 Nd5 18. Nc4 a4 19. e4 Nf6 20. O-O Bd7 21.
Ne5 Bb5 22. Rfb1 Rfd8 23. Bb4 Bxb4 24. Rxb4 Be8 25. Rc1 Ra5 26. Ng4 Nxg4 27.
Bxg4 Bc6 28. Be2 g5 29. Kf1 Kg7 30. g3 Kf6 31. f4 gxf4 32. gxf4 e5 33. f5 Raa8
34. Kf2 Rd6 35. Ke3 Rad8 36. Rc5 Rg8 37. Bb5 Bxb5 38. Rbxb5 Rg2 39. Rxe5 Rdd2
40. Red5 1/2-1/2

[Event "OLBA 2122 SC Brombach - SC Untergrombac"]
[Site "?"]
[Date "2021.11.14"]
[Round "3.6"]
[White "Resa, Tobias"]
[Black "Kountz, Jochen"]
[Result "1-0"]
[WhiteElo "2125"]
[BlackElo "2305"]
[PlyCount "61"]
[EventDate "2021.??.??"]

1. e4 c5 2. Nf3 Nc6 3. Bb5 d6 4. d4 cxd4 5. Qxd4 Bd7 6. Bxc6 Bxc6 7. Nc3 e5 8.
Qd3 Be7 9. h3 h6 10. Be3 Nf6 11. O-O-O O-O 12. g4 Nd7 13. h4 Qa5 14. g5 h5 15.
Nd2 Nc5 16. Qe2 g6 17. Nc4 Qa6 18. Bxc5 dxc5 19. Rhe1 Rfe8 20. Kb1 Bd8 21. b3
b5 22. Nd6 Re6 23. Ncxb5 Ba5 24. c3 Rd8 25. a4 Rd7 26. Qc4 Qb6 27. b4 cxb4 28.
cxb4 Rexd6 29. Rxd6 Bxb5 30. Qc8+ Kg7 31. Rxb6 1-0

[Event "OLBA 2122 SC Brombach - SC Untergrombac"]
[Site "?"]
[Date "2021.11.14"]
[Round "3.7"]
[White "Raupp, Thomas"]
[Black "Paul, Mathias"]
[Result "1-0"]
[WhiteElo "2270"]
[BlackElo "2071"]
[PlyCount "59"]
[EventDate "2021.??.??"]

1. d4 Nf6 2. c4 g6 3. Nc3 Bg7 4. e4 d6 5. Nf3 O-O 6. Be2 e5 7. O-O Nc6 8. d5
Ne7 9. Nd2 a5 10. a3 Bd7 11. b3 c6 12. Rb1 Ne8 13. b4 axb4 14. axb4 cxd5 15.
cxd5 f5 16. Nc4 Nc8 17. b5 Nf6 18. f3 Rf7 19. exf5 gxf5 20. f4 e4 21. Be3 Ng4
22. Bd4 e3 23. Bxg4 fxg4 24. Nxe3 Ra3 25. Rc1 Qe8 26. Nc4 Ra8 27. Re1 Qf8 28.
g3 h5 29. Ne4 Bxb5 30. Ng5 1-0

[Event "OLBA 2122 SC Brombach - SC Untergrombac"]
[Site "?"]
[Date "2021.11.14"]
[Round "3.8"]
[White "Erismann, Peter"]
[Black "Sieglen, Joachim"]
[Result "1/2-1/2"]
[WhiteElo "2051"]
[BlackElo "2188"]
[PlyCount "30"]
[EventDate "2021.??.??"]

1. e4 e6 2. d4 d5 3. exd5 exd5 4. Bd3 Nc6 5. c3 Bd6 6. Qf3 Be6 7. Bf4 Nf6 8.
Ne2 O-O 9. Bxd6 Qxd6 10. O-O Rae8 11. Qg3 Qd7 12. Nd2 Bf5 13. Nf4 Ne4 14. Nxe4
dxe4 15. Bc4 Ne7 1/2-1/2

[Event "OLBA 2122 OSG Baden-Baden III - SV Hock"]
[Site "?"]
[Date "2022.03.06"]
[Round "8.1"]
[White "Dordzhieva, Dinara"]
[Black "Milov, Vadim"]
[Result "0-1"]
[WhiteElo "2325"]
[BlackElo "2602"]
[PlyCount "80"]
[EventDate "2022.??.??"]

1. d4 Nf6 2. Nf3 g6 3. c4 Bg7 4. Nc3 O-O 5. e4 d6 6. Be2 Na6 7. O-O e5 8. Be3
c6 9. dxe5 dxe5 10. Qxd8 Rxd8 11. h3 Nd7 12. Rfd1 Re8 13. Rd2 f5 14. g3 Ndc5
15. exf5 gxf5 16. Nh4 Bf6 17. Ng2 f4 18. gxf4 Bxh3 19. fxe5 Bxe5 20. Nf4 Bf5
21. Nh5 b6 22. Bd4 Kf7 23. Bxe5 Rxe5 24. Rd6 Rg8+ 25. Ng3 Nb4 26. a3 Nc2 27.
Rad1 Ne6 28. Rd7+ Kf6 29. Kh2 Bg6 30. Bf3 Kg5 31. Bxc6 Rf8 32. R1d2 Ne1 33.
R7d5 Nf3+ 34. Kh1 Nf4 35. Rxe5+ Nxe5 36. Bd5 Kh4 37. Rd4 Ng4 38. Kg1 Nh3+ 39.
Kh1 Rxf2 40. Bg2 Kxg3 0-1

[Event "OLBA 2122 OSG Baden-Baden III - SV Hock"]
[Site "?"]
[Date "2022.03.06"]
[Round "8.2"]
[White "Schlosser, Philipp"]
[Black "Nekrasov, Mihail"]
[Result "1/2-1/2"]
[WhiteElo "2515"]
[BlackElo "2280"]
[PlyCount "99"]
[EventDate "2022.??.??"]

1. c4 e6 2. g3 d5 3. Bg2 Nf6 4. Nf3 dxc4 5. Qa4+ Nbd7 6. Qxc4 a6 7. Qc2 c5 8.
Nc3 Qc7 9. d4 b5 10. Bf4 Bd6 11. Bxd6 Qxd6 12. dxc5 Qxc5 13. Nd2 Rb8 14. Rc1
Bb7 15. Bxb7 Rxb7 16. Nce4 Qxc2 17. Rxc2 Ke7 18. O-O Nxe4 19. Nxe4 f5 20. Ng5
Ne5 21. f4 h6 22. Nxe6 Kxe6 23. fxe5 Rd8 24. Rc6+ Kxe5 25. Rfc1 Rd2 26. Kf2
Rbd7 27. Rxa6 Rxb2 28. Ke3 b4 29. Rc5+ Rd5 30. Rc7 Rd6 31. Rxd6 Kxd6 32. Rxg7
Rxa2 33. Rg6+ Kc5 34. Rf6 Kc4 35. Rc6+ Kb5 36. Rxh6 b3 37. Kd3 b2 38. Kc2 b1=Q+
39. Kxb1 Rxe2 40. h4 Kc4 41. h5 Kd4 42. Kc1 Rh2 43. Rh8 Ke5 44. h6 Kf6 45. Kd1
Kg6 46. Rg8+ Kf6 47. Rf8+ Kg6 48. Rg8+ Kf6 49. Rf8+ Kg6 50. Rg8+ 1/2-1/2

[Event "OLBA 2122 OSG Baden-Baden III - SV Hock"]
[Site "?"]
[Date "2022.03.06"]
[Round "8.3"]
[White "Moeldner, Juergen"]
[Black "Kachiani-Gersinska, Ketino"]
[Result "0-1"]
[WhiteElo "2249"]
[BlackElo "2295"]
[PlyCount "82"]
[EventDate "2022.??.??"]

1. d4 Nf6 2. c4 g6 3. Nc3 Bg7 4. e4 d6 5. Nge2 O-O 6. Ng3 e5 7. d5 h5 8. Bg5
Qe8 9. Be2 a5 10. O-O Nh7 11. Bd2 Na6 12. Qc2 Bd7 13. Rae1 h4 14. Nh1 f5 15. f3
f4 16. Nf2 Nf6 17. Rb1 Nh5 18. h3 Ng3 19. Rfe1 c6 20. a3 a4 21. Nxa4 cxd5 22.
Nb6 dxe4 23. fxe4 Ra7 24. Nxd7 Qxd7 25. Bg4 Qe7 26. Nd3 Qc7 27. b4 Nb8 28. Qb3
Kh7 29. Bc1 Nc6 30. b5 Nd4 31. Qa2 Ra4 32. Rb4 Raa8 33. Qf2 Qb6 34. Bb2 f3 35.
gxf3 Bh6 36. Kg2 Rae8 37. Ra4 Re7 38. Bxd4 exd4 39. Qc2 Be3 40. c5 dxc5 41.
Qxc5 Rc7 0-1

[Event "OLBA 2122 OSG Baden-Baden III - SV Hock"]
[Site "?"]
[Date "2022.03.06"]
[Round "8.5"]
[White "Hierholz, Bernd"]
[Black "Sedina, Elena"]
[Result "1-0"]
[WhiteElo "2116"]
[BlackElo "2258"]
[PlyCount "95"]
[EventDate "2022.??.??"]

1. e4 e6 2. d4 d5 3. Nc3 Bb4 4. e5 c5 5. a3 Bxc3+ 6. bxc3 Ne7 7. Nf3 b6 8. Bb5+
Bd7 9. Bd3 Ba4 10. O-O c4 11. Be2 h6 12. Ne1 Na6 13. g3 Nc7 14. Ng2 Qd7 15. Ne3
O-O-O 16. f4 f5 17. exf6 gxf6 18. f5 Rdf8 19. Bg4 Kb7 20. Qe2 exf5 21. Nxf5
Nxf5 22. Bxf5 Qf7 23. Bf4 Re8 24. Qf3 Bc6 25. h4 Ne6 26. Bd2 h5 27. Bh3 Rhg8
28. Kh2 Ng7 29. Rf2 Qc7 30. Bf4 Qd8 31. Rg1 Re4 32. Bh6 Ne6 33. Qxf6 Qd6 34.
Bf4 Qd7 35. Be5 Re8 36. Qh6 Qe7 37. Rgf1 Qxa3 38. Bxe6 Qxc3 39. Bf5 Re3 40.
Qg7+ Ka6 41. Qc7 Ba4 42. Bc8+ Rxc8 43. Qxc8+ Ka5 44. Qb7 Bxc2 45. Qxa7+ Kb5 46.
Ra1 Qd3 47. Qa6+ Kb4 48. Qxb6+ 1-0

[Event "OLBA 2122 OSG Baden-Baden III - SV Hock"]
[Site "?"]
[Date "2022.03.06"]
[Round "8.6"]
[White "Moingt, Jean-Claude"]
[Black "Ptak, Ferdinand"]
[Result "1/2-1/2"]
[WhiteElo "2116"]
[BlackElo "2024"]
[PlyCount "47"]
[EventDate "2022.??.??"]

1. e4 c5 2. Nf3 Nc6 3. Bb5 g6 4. Bxc6 dxc6 5. d3 Bg7 6. h3 Nf6 7. Nc3 Nd7 8.
Be3 e5 9. Qd2 Qe7 10. a3 Nf8 11. Na4 Ne6 12. b4 cxb4 13. axb4 a6 14. Nb6 Rb8
15. Ra5 f6 16. O-O O-O 17. c3 Rd8 18. Rd1 Nc7 19. Nxc8 Rbxc8 20. Bb6 Rd7 21.
Bxc7 Rdxc7 22. d4 exd4 23. Qxd4 Re8 24. Qb6 1/2-1/2

[Event "OLBA 2122 OSG Baden-Baden III - SV Hock"]
[Site "?"]
[Date "2022.03.06"]
[Round "8.8"]
[White "Schmitt, Daniel"]
[Black "May, Juergen"]
[Result "1-0"]
[WhiteElo "2099"]
[BlackElo "2000"]
[PlyCount "111"]
[EventDate "2022.??.??"]

1. e4 c6 2. c4 e5 3. Nf3 d6 4. d4 Nd7 5. Nc3 Ngf6 6. Be2 Be7 7. O-O O-O 8. h3
Qc7 9. Be3 Re8 10. Qc2 a6 11. a4 a5 12. Rad1 Bf8 13. d5 c5 14. Nh2 Qd8 15. Kh1
Kh8 16. Rg1 Ng8 17. g4 Ne7 18. Bd3 Ng6 19. Ne2 Nf6 20. Qd2 Qb6 21. f3 Bd7 22.
Qc2 Rad8 23. b3 Bc8 24. Rb1 Qc7 25. Qd2 Kg8 26. Qe1 Be7 27. Nf1 Nd7 28. Nfg3
Bh4 29. Qd2 Be7 30. Nf5 Bf8 31. h4 Nb8 32. h5 Ne7 33. Rg2 Kh8 34. Rbg1 Qb6 35.
Bc2 Na6 36. Rh2 Qb4 37. Qc1 Qb6 38. Nc3 Nb4 39. Bb1 Na6 40. Qd1 Nb8 41. g5 Kg8
42. Bc2 Na6 43. Qd2 Nb4 44. Nxe7+ Bxe7 45. g6 Rf8 46. Qg2 Bf6 47. gxh7+ Kxh7
48. Bb1 Qc7 49. f4 Kh8 50. f5 Rg8 51. Nd1 Qe7 52. Bc1 Na6 53. Qd2 b6 54. Rg6
fxg6 55. hxg6+ Bh4 56. Qf2 1-0

[Event "OLBA 2122 SGR Kuppenheim - SC Viernheim"]
[Site "?"]
[Date "2022.03.06"]
[Round "8.1"]
[White "Zaragatski, Ilja"]
[Black "Roos, Jean-Luc"]
[Result "1-0"]
[WhiteElo "2515"]
[BlackElo "2192"]
[PlyCount "47"]
[EventDate "2022.??.??"]

1. c4 e5 2. g3 Nf6 3. Bg2 d5 4. cxd5 Nxd5 5. Nc3 Nb6 6. e3 Be7 7. Nge2 O-O 8.
O-O c5 9. f4 exf4 10. Nxf4 Nc6 11. b3 Ne5 12. Qc2 g6 13. Bb2 Bf5 14. Ne4 f6 15.
h3 Rc8 16. g4 Bd7 17. Ng3 Qc7 18. Bxe5 Qxe5 19. Nxg6 hxg6 20. Qxg6+ Kh8 21. Nf5
Bxf5 22. Rxf5 Qxa1+ 23. Bf1 Qe5 24. Rxe5 1-0

[Event "OLBA 2122 SGR Kuppenheim - SC Viernheim"]
[Site "?"]
[Date "2022.03.06"]
[Round "8.2"]
[White "Schuh, Hubert"]
[Black "Lanka, Zigurds"]
[Result "0-1"]
[WhiteElo "2289"]
[BlackElo "2384"]
[PlyCount "64"]
[EventDate "2022.??.??"]

1. c4 g6 2. g3 Bg7 3. Bg2 Nf6 4. Nc3 c5 5. d3 Nc6 6. e4 d6 7. Nge2 O-O 8. O-O
Ne8 9. Be3 Nd4 10. Qd2 Nc7 11. Bh6 e5 12. Bxg7 Kxg7 13. Nxd4 cxd4 14. Nd5 Nxd5
15. exd5 a5 16. h4 b6 17. Kh2 Ra7 18. Bh3 Bxh3 19. Kxh3 Re7 20. b4 b5 21. Rac1
bxc4 22. dxc4 axb4 23. Qxb4 Ra7 24. Rc2 Qd7+ 25. Kg2 Rfa8 26. Ra1 Ra3 27. Qd2
Qf5 28. Re1 R8a4 29. Rec1 Rf3 30. Rb2 Raa3 31. Qe1 e4 32. Rd1 e3 0-1

[Event "OLBA 2122 SGR Kuppenheim - SC Viernheim"]
[Site "?"]
[Date "2022.03.06"]
[Round "8.3"]
[White "Meinhardt, Maximilian"]
[Black "Grosshans, Ralf-Michael"]
[Result "1-0"]
[WhiteElo "2378"]
[BlackElo "2080"]
[PlyCount "107"]
[EventDate "2022.??.??"]

1. e4 Nf6 2. e5 Nd5 3. d4 d6 4. c4 Nb6 5. exd6 exd6 6. h3 Be7 7. Nf3 Bf5 8. Nc3
O-O 9. Be2 c6 10. Bf4 Na6 11. O-O d5 12. c5 Nd7 13. Bxa6 bxa6 14. Qa4 Qc8 15.
Rfe1 Bxc5 16. Rac1 Rd8 17. Nxd5 Nb6 18. Nxb6 Bxb6 19. Rxc6 Qd7 20. Qc4 Bd3 21.
Qc1 Qd5 22. Rc3 Be4 23. Be5 h6 24. Qf4 Bg6 25. Nh4 Rd7 26. Rg3 Re8 27. Nf5 Bc7
28. Rge3 Bxf5 29. Qxf5 Re6 30. Qc2 Rc6 31. Qa4 Rg6 32. g3 Bb6 33. Qc2 Rc6 34.
Rc3 Re6 35. Rc8+ Rd8 36. Rxd8+ Qxd8 37. Rd1 Qd5 38. Qc8+ Kh7 39. Qc2+ Kg8 40.
Qc8+ Kh7 41. Qc2+ Kg8 42. b3 f6 43. Bf4 Qf3 44. Be3 f5 45. Kh2 Rc6 46. Qd2 Ba5
47. Qxa5 Rc2 48. Rf1 g5 49. Qe5 Re2 50. d5 h5 51. Qe8+ Kh7 52. Qf7+ Kh6 53.
Bxg5+ Kxg5 54. Qg7# 1-0

[Event "OLBA 2122 SGR Kuppenheim - SC Viernheim"]
[Site "?"]
[Date "2022.03.06"]
[Round "8.4"]
[White "Karcher, Patrick"]
[Black "Muetsch, Annmarie"]
[Result "1/2-1/2"]
[WhiteElo "2118"]
[BlackElo "2263"]
[PlyCount "105"]
[EventDate "2022.??.??"]

1. e4 e5 2. c4 Nf6 3. Nc3 Bc5 4. Be2 d6 5. Nf3 a6 6. d4 exd4 7. Nxd4 h6 8. Nf5
Bxf5 9. exf5 Nc6 10. g4 Ne5 11. f4 Nfxg4 12. fxe5 Nf2 13. Qa4+ c6 14. Rf1 Qh4
15. Qb3 O-O-O 16. e6 fxe6 17. Na4 Bb4+ 18. Nc3 Bc5 19. Na4 Ne4+ 20. Kd1 d5 21.
Kc2 Qxh2 22. Qf3 Rhf8 23. Bf4 Qh4 24. Nxc5 Nxc5 25. cxd5 Rxd5 26. Rh1 Qf6 27.
Be3 Rxf5 28. Qg4 Qe5 29. Qd4 Qc7 30. Rag1 R8f7 31. Rh5 Rd7 32. Qc4 Qe5 33. Rxf5
Qxf5+ 34. Kc1 Nd3+ 35. Bxd3 Rxd3 36. Re1 g5 37. Bd2 Rd5 38. Bc3 e5 39. Rf1 Qe6
40. Qe4 Rd8 41. Ba5 Re8 42. Rd1 Kb8 43. Qh7 Ka7 44. Qc7 Qc4+ 45. Kb1 Qb5 46. a4
Qb3 47. Rd8 Rxd8 48. Qxd8 Qe3 49. Bc7 Qe4+ 50. Kc1 Qc4+ 51. Kb1 Qe4+ 52. Kc1
Qc4+ 53. Kb1 1/2-1/2

[Event "OLBA 2122 SGR Kuppenheim - SC Viernheim"]
[Site "?"]
[Date "2022.03.06"]
[Round "8.5"]
[White "Engemann, Till"]
[Black "Metz, Hartmut"]
[Result "1-0"]
[WhiteElo "2056"]
[BlackElo "2208"]
[PlyCount "91"]
[EventDate "2022.??.??"]

1. d4 c6 2. c4 d5 3. cxd5 cxd5 4. Nc3 Nf6 5. Nf3 Nc6 6. Bf4 a6 7. Ne5 e6 8. e3
Nxe5 9. dxe5 Nd7 10. Be2 b5 11. O-O Bb7 12. a4 b4 13. Na2 Be7 14. Nc1 Nc5 15.
Nd3 Qa5 16. Nxc5 Bxc5 17. Bd3 Be7 18. h4 h5 19. Bg3 Rc8 20. Qe2 g6 21. f4 Rc6
22. Bb5 O-O 23. Bxc6 Bxc6 24. b3 Bb7 25. Rac1 Rd8 26. Qd3 Rd7 27. Bf2 Qd8 28.
g3 Qa8 29. Qd4 a5 30. Rc2 Bd8 31. Rfc1 Qa6 32. e4 Re7 33. f5 Re8 34. f6 dxe4
35. Qe3 Kh7 36. Qg5 Bb6 37. g4 e3 38. Bxe3 Bxe3+ 39. Qxe3 hxg4 40. Rc7 Rf8 41.
h5 Bf3 42. R1c4 Qa8 43. Qg5 Be4 44. hxg6+ Bxg6 45. Qh4+ Kg8 46. Qh6 1-0

[Event "OLBA 2122 SGR Kuppenheim - SC Viernheim"]
[Site "?"]
[Date "2022.03.06"]
[Round "8.6"]
[White "Klumpp, Jochen"]
[Black "Schmohel, Andreas"]
[Result "1-0"]
[WhiteElo "2067"]
[BlackElo "1933"]
[PlyCount "57"]
[EventDate "2022.??.??"]

1. Nf3 d5 2. g3 Nf6 3. Bg2 c5 4. O-O Nc6 5. d4 cxd4 6. Nxd4 e6 7. c4 Bc5 8. Nb3
Bb6 9. cxd5 exd5 10. Nc3 d4 11. Na4 O-O 12. Nxb6 axb6 13. Bxc6 bxc6 14. Qxd4
Qc7 15. Bf4 Qb7 16. f3 c5 17. Qf2 Nd5 18. Bd2 f5 19. Nc1 Be6 20. Nd3 Qa6 21. a3
Rae8 22. Rfe1 Qb5 23. a4 Qd7 24. a5 c4 25. Nb4 Nc7 26. Bf4 bxa5 27. Rxa5 Nb5
28. Qc5 Nd4 29. Ra7 1-0

[Event "OLBA 2122 SGR Kuppenheim - SC Viernheim"]
[Site "?"]
[Date "2022.03.06"]
[Round "8.7"]
[White "Mueller, Michael"]
[Black "Merklinger, Markus"]
[Result "1-0"]
[WhiteElo "2172"]
[BlackElo "2092"]
[PlyCount "134"]
[EventDate "2022.??.??"]

1. d4 Nf6 2. Nf3 e6 3. Bf4 b6 4. e3 Bb7 5. Bd3 Be7 6. h3 O-O 7. Nbd2 d6 8. O-O
Nbd7 9. c3 Re8 10. e4 e5 11. Bh2 Bf8 12. Re1 c6 13. Rc1 Qc7 14. Bc4 h6 15. Qb3
Re7 16. a4 a6 17. Qa2 b5 18. Bd3 c5 19. b3 Qb6 20. Qa1 Rae8 21. dxe5 Nxe5 22.
Nxe5 dxe5 23. Nf3 Nd7 24. Rcd1 g6 25. Rd2 Bg7 26. axb5 axb5 27. Qd1 Nb8 28. Bc2
b4 29. cxb4 Qxb4 30. Rd8 Nc6 31. Rxe8+ Rxe8 32. Bd3 Rd8 33. Qb1 Qc3 34. Re3 Qb4
35. Bc4 Na5 36. Qc2 Nxc4 37. bxc4 f6 38. Rd3 Ra8 39. Rd1 Bc6 40. Rb1 Qa4 41.
Qd3 Bf8 42. Nd2 Be7 43. Bg3 Rd8 44. Qc3 Qa2 45. Rb2 Qa1+ 46. Kh2 Qd1 47. f3 Ra8
48. Rb1 Qa4 49. Bf2 Kf7 50. Be3 h5 51. Nb3 Qb4 52. Qc1 Qa3 53. Qxa3 Rxa3 54.
Bg1 f5 55. exf5 gxf5 56. Nxc5 Ra2 57. Nd3 Re2 58. Kh1 Bf6 59. Nb4 Bb7 60. c5 e4
61. c6 exf3 62. gxf3 Ba8 63. Rc1 Bg5 64. Ra1 Re8 65. Ra7+ Ke6 66. Bc5 Rc8 67.
Ra6 Rc7 1-0

[Event "OLBA 2122 SGR Kuppenheim - SC Viernheim"]
[Site "?"]
[Date "2022.03.06"]
[Round "8.8"]
[White "Kick, Joachim"]
[Black "Roettig, Hans-Peter"]
[Result "1-0"]
[WhiteElo "2105"]
[BlackElo "2081"]
[PlyCount "78"]
[EventDate "2022.??.??"]

1. Nf3 f5 2. d3 d6 3. e4 e5 4. Nc3 c5 5. g3 Nf6 6. Bh3 fxe4 7. Bxc8 Qxc8 8.
dxe4 Qg4 9. h3 Qd7 10. Bg5 Be7 11. Bxf6 Bxf6 12. Qd3 Nc6 13. Nd5 O-O 14. Kf1
Kh8 15. c3 Qf7 16. Kg2 Rad8 17. Rhf1 Rd7 18. Rad1 Nd8 19. Nh2 Ne6 20. a4 Qe8
21. Ng4 Bd8 22. Nde3 Qh5 23. Qd5 Ng5 24. Rh1 Rdf7 25. Rdf1 Qg6 26. Nc4 h5 27.
Ngxe5 dxe5 28. Nxe5 Qxe4+ 29. Qxe4 Nxe4 30. Nxf7+ Rxf7 31. f4 h4 32. Rd1 Bc7
33. gxh4 Rxf4 34. Rhf1 Rxh4 35. Rd7 Be5 36. Rxb7 Rh5 37. Re1 Rg5+ 38. Kf3 Nf6
39. Rxa7 Nd5 1-0